Countries beginning with E.G.Y.P.T. - Map - Statistics

General Stats
  • This quiz has been taken 83 times
  • The average score is 31 of 41
Answers on the Map
Answers color-coded by a green-red scale on the quiz's map according to % correct below.
 
Answer Stats
Country % Correct
Ecuador
91%
Yemen
89%
Estonia
88%
Guyana
88%
Egypt
82%
Ghana
82%
Portugal
82%
Eritrea
80%
Eswatini
80%
Ethiopia
80%
Germany
80%
Peru
80%
Trinidad and Tobago
80%
El Salvador
78%
Gabon
78%
Greece
78%
Paraguay
78%
Tonga
78%
Turkey
78%
Grenada
77%
Guinea
77%
Turkmenistan
77%
Guatemala
75%
Guinea-Bissau
75%
Palau
75%
Panama
75%
Thailand
75%
Gambia
74%
Poland
74%
Tajikistan
74%
Tuvalu
74%
Georgia
72%
Togo
72%
Equatorial Guinea
71%
Tanzania
69%
Tunisia
69%
East Timor
68%
Philippines
68%
Pakistan
66%
Papua New Guinea
65%
Taiwan
55%
No matching quizzes found
Score Distribution
Percent of People with Each Score
Percentile by Number Answered
Your Score History
You have not taken this quiz